<?xml version="1.0" encoding="UTF-8"?>
<marc:record xmlns:marc="http://www.loc.gov/MARC21/slim">
   <marc:leader>00000nam a2200000 a 4500</marc:leader>
   <marc:datafield ind1="1" ind2=" " tag="100">
      <marc:subfield code="a">Sporrer, Conny</marc:subfield>
      <marc:subfield code="4">aut</marc:subfield>
      <marc:subfield code="e">Verfasser/-in</marc:subfield>
   </marc:datafield>
   <marc:datafield ind1="1" ind2=" " tag="100">
      <marc:subfield code="a">Sanders, Anna Maria</marc:subfield>
      <marc:subfield code="4">aut</marc:subfield>
      <marc:subfield code="e">Verfasser/-in</marc:subfield>
   </marc:datafield>
   <marc:datafield ind1="0" ind2="0" tag="245">
      <marc:subfield code="a">So isser brav!</marc:subfield>
   </marc:datafield>
   <marc:datafield ind1="0" ind2="0" tag="245">
      <marc:subfield code="b">Aus dem Leben verzweifelter Menschen und ihrer Hunde. Mit einem Vorwort von Martin Rütter. Unterhaltsamer Ratgeber: Welpentraining, Hundeerziehung, Hundeführerschein</marc:subfield>
   </marc:datafield>
   <marc:datafield ind1="0" ind2="0" tag="245">
      <marc:subfield code="c">Sporrer, Conny</marc:subfield>
   </marc:datafield>
   <marc:datafield ind1=" " ind2="1" tag="264">
      <marc:subfield code="a">München</marc:subfield>
      <marc:subfield code="b">riva</marc:subfield>
      <marc:subfield code="c">2022</marc:subfield>
   </marc:datafield>
   <marc:datafield ind1="1" ind2=" " tag="520">
      <marc:subfield code="a">Angaben aus der Verlagsmeldung &#xD;
&#xD;
 &#xD;
&#xD;
  So isser brav! : Aus dem Leben verzweifelter Menschen und ihrer Hunde. Mit einem Vorwort von Martin Rütter. Unterhaltsamer Ratgeber: Welpentraining, Hundeerziehung, Hundeführerschein / von Conny Sporrer, Anna Maria Sanders &#xD;
&#xD;
 &#xD;
Mischlingsrüde Benji hat sich zu einem ziemlichen Terrorbolzen entwickelt. Menschen anspringen, Passanten verbellen, an der Leine ziehen, Ohren auf Durchzug stellen  all das beherrscht er in Perfektion. Als Frauchen trotz einer Odyssee durch fragwürdige Erziehungstheorien am Ende ihres Hundelateins ist, erfährt sie schließlich, wo in ihrer Beziehung zu Benji der Hund begraben liegt. In diesem Buch wird mit einer Reihe von Mythen und Irrtümern zum Thema Hundeerziehung aufgeräumt. Aus Perspektive der Hunde und ihrer Menschen wird der Leser in die Geheimnisse einer entspannten Mensch-Hund-Beziehung eingeführt.</marc:subfield>
   </marc:datafield>
   <marc:datafield ind1=" " ind2=" " tag="020">
      <marc:subfield code="a">9783742321404</marc:subfield>
      <marc:subfield code="9">9783742321404</marc:subfield>
   </marc:datafield>
   <marc:datafield ind1=" " ind2=" " tag="020">
      <marc:subfield code="a">3742321404</marc:subfield>
      <marc:subfield code="9">3742321404</marc:subfield>
   </marc:datafield>
   <marc:datafield ind1=" " ind2=" " tag="041">
      <marc:subfield code="a">ger</marc:subfield>
   </marc:datafield>
   <marc:datafield ind1=" " ind2=" " tag="338">
      <marc:subfield code="a">Band</marc:subfield>
   </marc:datafield>
   <marc:datafield ind1=" " ind2=" " tag="300">
      <marc:subfield code="a">208 Seiten</marc:subfield>
   </marc:datafield>
</marc:record>
